Bezpłatne stacje TV - ogólnopolskie - Statystyki

Ogólne statystyki
  • Ten quiz został rozwiązany 34 razy
  • Średni wynik to 12 z 44
Answers on the Grid
Answers color-coded by a green-red scale on the quiz's grid according to % correct below.
Antena HD
Biełsat
Disco Polo TV
EmiNews
EmiRadio
EmiTV
Eska Radio
Eska Rock
Eska TV
Fokus TV
Izraesat
Jasna Góra Live
Jasna Góra TV
Nowa TV
Onet
Polo TV
Polsat
Polsat HBBTV
Polsat News Polityka
Puls
Puls 2
Puls 3
Puls 4
Republika
Sklep Allegro.pl
Sklep Kapitan.pl
Stopklatka TV
Super Polsat
Super Polsat Ekstra
Test
Trwam TV
TTV
TV2
TV4
TV5
TV6
TVN
TVP ABC
TVP Alfa
TVP Beta
TVP Dokument
TVP Dzieci
TVP Fakty
TVP Go
TVP Historia
TVP Historia 2
TVP Info
TVP Info 2
TVP Info Polityka
TVP Info Propaganda
TVP Kobieta
TVP Kobieta 2
TVP Kultura
TVP Kultura 2
TVP Mężczyzna
TVP Mężczyzna 2
TVP Nauka
TVP Polonia
TVP Rozrywka
TVP Sport
TVP Świat
TVP Szkoła
TVP World
TVP1
TVP2
TVP3
TVP4
Ukraisat
WP
wPolsce24
wUkrainie24
Wydarzenia24
 
Statystyki odpowiedzi
Odpowiedź % Poprawnych
Polsat
72%
Puls
56%
Eska TV
44%
Puls 2
44%
TVP2
44%
TVP3
44%
TVP Historia
44%
TVP Info
44%
Antena HD
39%
Polo TV
39%
Trwam TV
39%
TVP1
39%
TVP Kultura
39%
TVP Polonia
39%
Nowa TV
33%
Republika
33%
Stopklatka TV
33%
Super Polsat
33%
TTV
33%
TVN
33%
TVP ABC
33%
TVP Rozrywka
33%
TVP Sport
33%
TV4
28%
Biełsat
22%
TV6
22%
TVP Kobieta
22%
Fokus TV
17%
TVP Dokument
17%
TVP Nauka
17%
TVP World
17%
wPolsce24
17%
Wydarzenia24
17%
Polsat News Polityka
11%
TVP Alfa
11%
TVP Go
11%
TVP Historia 2
11%
TVP Kultura 2
11%
EmiRadio
6%
EmiTV
6%
Polsat HBBTV
6%
Sklep Kapitan.pl
6%
Test
6%
WP
6%
Nie znaleziono quizów pasujących do podanych kryteriów
Rozkład punktacji
Procent ludzi z każdym wynikiem
Percentyl według liczby udzielonych odpowiedzi
Twoja historia wyników
Nie rozwiązałeś tego quizu